Statistics for Country by highest/lowest point

Click here to take the quiz!

General Stats

  • This quiz has been taken 17 times
  • The average score is 27 of 60

Answer Stats

Highest pointCountryLowest point% Correct
Mount EverestChinaAyding Lake
100%
Mount EverestNepalKanchan Kalan
100%
Mount LoganCanadaArctic Ocean
93%
HvannadalshnúkurIcelandNorth Atlantic Ocean
87%
GaizinkalnsLatviaBaltic Sea
87%
Mount ElbrusRussiaCaspian Sea
87%
MøllehøjDenmarkLammefjord
80%
DamavandIranCaspian Sea
80%
MoldoveanuRomaniaBlack Sea
73%
TeideSpainNorth Atlantic Ocean
73%
Yu ShanTaiwanSouth China Sea
73%
Doi InthanonThailandAndaman Sea
73%
ShkharaGeorgiaBlack Sea
67%
Pic la SelleHaitiCaribbean Sea
67%
Jabal ShamsOmanArabian Sea
67%
HoverlaUkraineKuyalnik Estuary
67%
Suur MunamägiEstoniaBaltic Sea
60%
Hkakabo RaziMyanmarIndian Ocean
60%
Jabal an-Nabi Shu'aybYemenArabian Sea
60%
Puncak JayaIndonesiaIndian Ocean
53%
CarrauntoohilIrelandNorth Slob
53%
Khan TengriKazakhstanKaragiye Depression
53%
NoshaqAfghanistanAmu Darya
47%
Mount CameroonCameroonBight of Bonny
47%
ChimborazoEcuadorPacific Ocean
47%
Monte BiancoItalyJolanda di Savoia
47%
Jabal Umm ad DamijoRdanDead Sea
47%
Mutla RidgeKuwaitPersian Gulf
47%
Mount WilhelmPapua New GuineaSouth Pacific Ocean
47%
Jebel ech ChambiTunisiaShatt al Gharsah
47%
Mount AragatsArmeniaDebed
40%
Saka HaphongBangladeshBay of Bengal
40%
Mount HillabyBarbadosNorth Atlantic Ocean
40%
Mount ObamaAntigua and BarbudaCaribbean Sea
33%
Mount CatherineEgyptQattara Depression
33%
Mount AfadjatoGhanaGulf of Guinea
33%
Volcán TajumulcoGuatemalaNorth Pacific Ocean
33%
KékesHungaryTisza
33%
Jengish ChokusuKyrgyzstanKara Darya
33%
KneiffLuxembourgMoselle River
33%
Mount AgouTogoBight of Benin
33%
Emi KoussiChadBodélé Depression
27%
SněžkaCzech RepublicElbe
27%
Morne DiablotinsDominicaCaribbean Sea
27%
Pico DuarteDominican RepublicLago Enriquillo
27%
Ras DejenEthiopiaDanakil Depression
27%
GrauspitzLiechtensteinRhine
27%
El Cerro del AripoTrinidad and TobagoCaribbean Sea
27%
Cerro CatedralUruguaySouth Atlantic Ocean
27%
Coma PedrosaAndorraGran Valira
20%
Thabana NtlenyanaLesothoConfluence of Orange & Makhaleng
20%
Ta'DmejrekMaltaMediterranean Sea
20%
Mousa AliDjiboutiLake Assal
13%
Cerro El PitalEl SalvadorNorth Pacific Ocean
13%
Emba SoiraEritreaLake Kulul
13%
Command RidgeNauruSouth Pacific Ocean
13%
Mount KarisimbiRwandaRuzizi River
13%
Gangkhar PuensumBhutanDrangme Chhu
7%
Pico BasileEquatorial GuineaNorth Atlantic Ocean
7%
Mount NyanganiZimbabweConfluence of Runde & Save
7%

Score Distribution

Percentile by Number Answered

Percent of People with Each Score

Your Score History

You have not taken this quiz